Normal view
MARC view
- نادر,جمال تاليف
Entry Personal Name
001 - CONTROL NUMBER
- control field: 15938
003 - CONTROL NUMBER IDENTIFIER
- control field: JO-AjAnu
005 - DATE AND TIME OF LATEST TRANSACTION
- control field: 20230606072837.0
008 - FIXED-LENGTH DATA ELEMENTS
- fixed length control field: 230606|| aca||aabn | a|a d
040 ## - CATALOGING SOURCE
- Original cataloging agency: JO-AjAnu
- Transcribing agency: JO-AjAnu
100 ## - HEADING--PERSONAL NAME
- Personal name: نادر,جمال تاليف
670 ## - SOURCE DATA FOUND
- Source citation: Work cat.: (JO-AjAnu)8183: نادر,جمال تاليف, author, تعلم اللغة الإيطالية وقواعدها بدون معلم